Statistics for Countries Hidden Inside a Sentence

Click here to take the quiz!

General Stats

  • This quiz has been taken 113 times
  • The average score is 11 of 20

Answer Stats

Sentence Country % Correct
There's a very popular health spa in the nearby town.Spain
95%
The boy whispered to his pony, "Just try it Sam, oats are really good to eat".Samoa
82%
The lady, when asked, said she wanted to go to the cinema.Togo
82%
You can get across the mud flat via the narrow path to the west.Latvia
72%
"Don't leave yet" said John to his friend Brian, "go later".Angola
70%
Though common, a cold is not a pleasant thing to catch.Monaco
66%
Under the roughly built shelter, one pale, lonely, silent, figure could just be seen.Nepal
59%
Though tigers are bigger, many cats are somewhat smaller than a leopard.Germany
56%
A rich smell came from the shop, the aroma liberated when the door opened.Mali
53%
The doctor told his patient to take the new drug and abstain from drinking alcohol.Uganda
51%
The skydiver made a really nice landing on the soft earth.Iceland
48%
The stories she told to anyone listening were very dismal tales.Malta
45%
He went out to the garden, marked out the new flower beds and started to dig.Denmark
43%
Upstairs in the small bedroom, an eirie noise could be heard above the wind outside.Oman
42%
The two elderly ladies perused the books together when they visited the library.Peru
41%
Before you have a go yourself, just watch Adam, to see how it's done.Chad
41%
The fallen boxer, now sporting a black eye, menacingly glared at the new champ.Yemen
39%
"Put your vest on, Ian", said the concerned mother, "before you get cold".Estonia
34%
She certainly liked luxurious things, especially silk, satin, diamonds and gold.India
33%
As the judge said to them, a law is in place to protect us all from these things.Malawi
33%

Score Distribution

Percentile by Number Answered

Percent of People with Each Score

Your Score History

You have not taken this quiz